[Event "Valdivia op 2nd"]
[Site "Valdivia"]
[Date "2021.09.18"]
[Round "3"]
[White "Vargas Villarroel, Hector"]
[Black "Gomez Barrera, Gonzalo Andres"]
[Result "1-0"]
[WhiteElo "1699"]
[BlackElo "2144"]
[PlyCount "69"]
[EventDate "2021.09.16"]
[EventType "swiss"]
[EventRounds "6"]
[EventCountry "CHI"]
[SourceTitle "CBM 204 Extra"]
[Source "ChessBase"]
[SourceDate "2021.11.30"]
[SourceVersion "1"]
[SourceVersionDate "2021.11.30"]
[SourceQuality "1"]

1. e4 c5 2. Nf3 Nc6 3. Bb5 d6 4. c3 a6 5. Bxc6+ bxc6 6. Qa4 Qc7 7. h3 g6 8. 0-0 Bg7 9. Re1 e5 10. d4 cxd4 11. cxd4 Ne7 12. dxe5 dxe5 13. Bg5 0-0 14. Bxe7 Qxe7 15. Qxc6 Rb8 16. Nc3 Rxb2 17. Nd5 Qa7 18. Rf1 f5 19. Ng5 h6 20. Ne6 Bxe6 21. Qxe6+ Kh7 22. Rac1 fxe4 23. Rc6 Rfxf2 24. Qxg6+ Kh8 25. Rxf2 Rxf2 26. Kh2 Qf7 27. Rc8+ Bf8 28. Qxh6+ Kg8 29. Qg5+ Qg7 30. Ne7+ Kf7 31. Qh5+ Ke6 32. Rc6+ Kd7 33. Qd1+ Kxe7 34. Qd6+ Ke8 35. Qe6+ 1-0